=LDR 00000nam 2200000 4500 =001 INLIS000000000012579 =005 20130612104103 =008 ***********************************Ind** =035 ##$$0010-061300000012579 =041 ##$$a Ind =082 ##$$a 410.073 =090 ##$$a 410.073, Sub l =100 ##$$a Subardi =245 ##$$a Lirik Bahasa Indonesia =260 ##$$a 1988 $b Jakarta =300 ##$$a 197 hlm., 21 cm =650 ##$$a Bahasa Indonesia =850 ##$$a NBPNMAT